དགེ་སློང་བསྟན་འཛིན་ཆོས་རྒྱལ་གྱིས་མཛད་པའི་རྒྱལ་གྱིས་མཛད་པའི་རྒྱལ་ཀུན་ཁྱབ་བདག་འགྲོ་བའི་བླ་མ་བསྟན་འཛིན་རིན་པོ་ཆེ་ལེགས་པའི་དོན་གྲུབ་ཞབས་ཀྱི་རྣམ་ཐར་པ་ངོ་མཚར་ནོར་བུའི་སྡོང་ཞེས་བྱ་བ་བཞུགས་སོ། (Record no. 9060)

MARC details
000 -LEADER
fixed length control field 00971nam a22001337a 4500
008 - FIXED-LENGTH DATA ELEMENTS--GENERAL INFORMATION
fixed length control field 220802b |||||||| |||| 00| 0 eng d
020 ## - INTERNATIONAL STANDARD BOOK NUMBER
International Standard Book Number 9789993617136
082 ## - DEWEY DECIMAL CLASSIFICATION NUMBER
Classification number 920 CHO
100 ## - MAIN ENTRY--PERSONAL NAME
Personal name Chogyal, Gelong Tenzin
245 ## - TITLE STATEMENT
Title དགེ་སློང་བསྟན་འཛིན་ཆོས་རྒྱལ་གྱིས་མཛད་པའི་རྒྱལ་གྱིས་མཛད་པའི་རྒྱལ་ཀུན་ཁྱབ་བདག་འགྲོ་བའི་བླ་མ་བསྟན་འཛིན་རིན་པོ་ཆེ་ལེགས་པའི་དོན་གྲུབ་ཞབས་ཀྱི་རྣམ་ཐར་པ་ངོ་མཚར་ནོར་བུའི་སྡོང་ཞེས་བྱ་བ་བཞུགས་སོ།
Remainder of title The Marvellous Gem of Veneration
Statement of responsibility, etc. Biography of Tenzin Legpai Dondrub
260 ## - PUBLICATION, DISTRIBUTION, ETC.
Place of publication, distribution, etc. Thimphu :
Name of publisher, distributor, etc. National Library and Archives of Bhutan,
Date of publication, distribution, etc. 2011.
300 ## - PHYSICAL DESCRIPTION
Extent xlvi, 221 p.
Dimensions 22 cm.
942 ## - Added entry Elements (Koha)
Source of classification or shelving scheme Dewey Decimal Classification
Holdings
Withdrawn status Lost status Source of classification or shelving scheme Damaged status Not for loan Collection code Home library Current library Shelving location Date acquired Serial Enumeration / chronology Total Checkouts Full call number Barcode Date last seen Price effective from Koha item type
    Dewey Decimal Classification     Dzongkha RTC Library RTC Library Dzongkha 02/08/2022 16549   920 CHO 30015493 02/08/2022 02/08/2022 Dzongkha
    Dewey Decimal Classification     Dzongkha RTC Library RTC Library Dzongkha 02/08/2022 16548   920 CHO 30015562 02/08/2022 02/08/2022 Dzongkha
Royal Thimphu College || All Right Reserved